Hướng dẫn sử dụng mạng Novell netware

Sách trình bày những khái niệm về mạng cục bộ, những thành phần cấu thành mạng cục bộ, mạng Netwarwe, cách cài đặt. Cách sử dụng một số chương trình và tiện ích của Netware.

Αποθηκεύτηκε σε:
Λεπτομέρειες βιβλιογραφικής εγγραφής
Κύριος συγγραφέας: Dương, Quang Thiện
Μορφή: Βιβλίο
Γλώσσα:Undetermined
Έκδοση: Thành phố Hồ Chí Minh Thống Kê 1995
Θέματα:
Ετικέτες: Προσθήκη ετικέτας
Δεν υπάρχουν, Καταχωρήστε ετικέτα πρώτοι!
Thư viện lưu trữ: Trung tâm Học liệu Trường Đại học Cần Thơ
LEADER 00868nam a2200205Ia 4500
001 CTU_20986
008 210402s9999 xx 000 0 und d
020 |c 44000 
082 |a 005.3 
082 |b Th305h 
100 |a Dương, Quang Thiện 
245 0 |a Hướng dẫn sử dụng mạng Novell netware 
245 0 |c Dương Quang Thiện, Võ Văn Thành 
260 |a Thành phố Hồ Chí Minh 
260 |b Thống Kê 
260 |c 1995 
520 |a Sách trình bày những khái niệm về mạng cục bộ, những thành phần cấu thành mạng cục bộ, mạng Netwarwe, cách cài đặt. Cách sử dụng một số chương trình và tiện ích của Netware. 
650 |a Novell netware 
904 |i Năm 
980 |a Trung tâm Học liệu Trường Đại học Cần Thơ